Statistics for National Airline by Country #1

Click here to take the quiz!

General Stats

  • This quiz has been taken 75 times
  • The average score is 8 of 10

Answer Stats

HintqAnswer% Correct
United KingdomBritish Airways
94%
GermanyLufthansa
94%
The NetherlandsKLM
86%
CanadaAir Canada
84%
RussiaAeroflot
78%
ChinaAir China
78%
IsraelEL AL
78%
ItalyAlitalia
73%
IndiaAir India
70%
EgyptEgyptair
60%

Score Distribution

Percentile by Number Answered

Percent of People with Each Score

Your Score History

You have not taken this quiz